AU LIBRARIES
Centralized Library System Across Seven Campuses

Introduction to Computing (CD) : lecture 32-38 (Record no. 9674)

MARC details
000 -LEADER
fixed length control field 00651nam a2200241Ia 4500
005 - DATE AND TIME OF LATEST TRANSACTION
control field 20260116133613.0
008 - FIXED-LENGTH DATA ELEMENTS--GENERAL INFORMATION
fixed length control field 260116s9999 xx 000 0 und d
082 ## - DEWEY DECIMAL CLASSIFICATION NUMBER
Classification number 004 INT
245 #0 - TITLE STATEMENT
Title Introduction to Computing (CD) : lecture 32-38
260 ## - PUBLICATION, DISTRIBUTION, ETC.
Place of Publication Lahore
Name of publisher, distributor, etc. Virtual University
300 ## - PHYSICAL DESCRIPTION
Pages CD # 404 (Vol. No. 6)
650 ## - SUBJECT ADDED ENTRY--TOPICAL TERM
Subject / Department Artificial Intelligence
650 ## - SUBJECT ADDED ENTRY--TOPICAL TERM
Subject / Department CD-ROM
650 ## - SUBJECT ADDED ENTRY--TOPICAL TERM
Subject / Department Computer Science
650 ## - SUBJECT ADDED ENTRY--TOPICAL TERM
Subject / Department Creative Technology
650 ## - SUBJECT ADDED ENTRY--TOPICAL TERM
Subject / Department Cybersecurityt
650 ## - SUBJECT ADDED ENTRY--TOPICAL TERM
Subject / Department Data Science
650 ## - SUBJECT ADDED ENTRY--TOPICAL TERM
Subject / Department Introduction to Computing
650 ## - SUBJECT ADDED ENTRY--TOPICAL TERM
Subject / Department Lecture Series
650 ## - SUBJECT ADDED ENTRY--TOPICAL TERM
Subject / Department Programing
650 ## - SUBJECT ADDED ENTRY--TOPICAL TERM
Subject / Department Software Engineering
942 ## - ADDED ENTRY ELEMENTS (KOHA)
Koha item type Book
Holdings
Withdrawn status Lost status Damaged status Not for loan Collection code Permanent Location Current Location Shelving Location Date acquired Source of acquisition Inventory number Full Call Number Accession No./Barcode Koha item type
          Air University Central Library Islamabad Air University Central Library Islamabad   06/23/2015 Poktech Instruments 10274 004 INT P4960 Book
Air University Sector E-9, Islamabad Pakistan
Email: librarian@au.edu.pk  Tel : +0092 51 9262612 Ext: 631